00320 2200145 4500245003900000250001100039100001700050650001700067650001600084005001900100260001800119041001400137084001400151336000900165 aJadi, ini Aku?cCathlea SyfahText aCet. 1 aCathlea Syfa aAutobiografi aKarya Siswa a20250521124207 aJakartac2025 aIndonesia a081 CAT j atext